Balıkesir Sempozyumu : 2005, 17-20 Kasım /

Saved in:
Bibliographic Details
Corporate Authors: Balıkesir Sempozyumu Balıkesir, Turkey), Balıkesir Üniversitesi., Balıkesir Belediyesi.
Other Authors: Ayışığı, Metin, 1954-
Format: eBook
Language:Turkish
Published: Balıkesir : Balıkesir Üniversitesi : Balıkesir Belediyesi, [2007].
Subjects:
Tags: Add Tag
No Tags, Be the first to tag this record!
LEADER 01705nam a2200385 a 4500
001 MIU01-005683023
003 MiU
005 20080502174127.0
006 m d |||||
007 cr bn ---auaua
008 080502s2007 tu abd b 100 0 tur d
035 |a (OCoLC)226970605 
035 |a (OCoLC)ocn226970605 
038 |a MiU 
040 |a EYM  |c EYM 
043 |a a-tu--- 
049 |a EYMG 
090 |a DS51.B35  |b B35 2007 
099 |a DS 51 .B35 B35 2007 
111 2 |a Balıkesir Sempozyumu  |d (2005 :  |c Balıkesir, Turkey) 
245 1 0 |a Balıkesir Sempozyumu :  |b 2005, 17-20 Kasım /  |c [düzenleme kurulu, Metin Ayışığı ... et al.]. 
246 1 |i Subtitle on cover:  |a tebliğler kitabı 
260 |a Balıkesir :  |b Balıkesir Üniversitesi :  |b Balıkesir Belediyesi,  |c [2007]. 
300 |a 581 p. :  |b ill., maps, charts, tables ;  |c 27 cm. 
504 |a Includes bibliographical references. 
538 |a Mode of access: Internet. 
588 |a This bibliographic record is available under the Creative Commons CC0 public domain dedication. The University of Michigan Libraries, as creator of this bibliographic record, has waived all rights to it worldwide under copyright law, including all related and neighboring rights, to the extent allowed by law. 
651 0 |a Balıkesir İli (Turkey)  |v Congresses. 
651 0 |a Balıkesir İli (Turkey)  |x History  |v Congresses. 
651 0 |a Balıkesir İli (Turkey)  |x Economic conditions  |v Congresses. 
651 0 |a Balıkesir İli (Turkey)  |x Social conditions  |v Congresses. 
650 0 |a Folklore  |z Turkey  |z Balıkesir İli  |v Congresses. 
700 1 |a Ayışığı, Metin,  |d 1954- 
710 2 |a Balıkesir Üniversitesi. 
710 2 |a Balıkesir Belediyesi.